| 000 | 00821nam a2200229Ia 4500 | ||
|---|---|---|---|
| 999 |
_c53053 _d53053 |
||
| 001 | 20090 | ||
| 003 | GE_BSU | ||
| 005 | 20250424142736.0 | ||
| 008 | 181216s1998||||ge |||||||||||||| ||geo|| | ||
| 040 | _cGE_BSU | ||
| 041 | _ageo | ||
| 080 | _a821.111(73)-32 პ-47 | ||
| 100 |
_aპო, ედგარ _924941 |
||
| 245 |
_aელეონორა : _bორმოცი მოთხრობა / _cედგარ პო ; წინასიტყვ. ზაურ კილაძისა. |
||
| 264 |
_aთბილისი : _bნაკადული, _c1998. |
||
| 300 |
_a544 გვ. ; _c20 სმ. |
||
| 490 | _aბიბლიოთეკა ყმაწვილთათვის | ||
| 541 | _h10 ლ. | ||
| 653 | _aელეონორა | ||
| 653 | _aმოთხრობა | ||
| 942 |
_cBK _2udc |
||